| 000 | 00610nam a2200205Ii 4500 | ||
|---|---|---|---|
| 001 | 3638 | ||
| 003 | CO-ViMGA | ||
| 008 | 241108s9999||||xx |||||||||||||| ||und|| | ||
| 040 |
_aCO-ViMGA _bspa _erda _cCO-ViMGA |
||
| 041 | 0 | _aspa | |
| 082 | 0 | 4 | _a001.6425 - G216 |
| 100 | 1 |
_aEnrique García Aparicio _946496 |
|
| 245 | 1 | 0 | _aDomine Excel 3 para Windows |
| 264 | 1 | _aBogotá, Colombia : Addison-Wesley Iberoamericana, 1993 | |
| 300 | _avolumen | ||
| 336 |
_atext _btxt _2rdacontent |
||
| 337 |
_aunmediated _bn _2rdamedia |
||
| 338 |
_avolume _bnc _2rdacarrier |
||
| 940 | _aidficha_siabuc: 3552. -- ficha_no_siabuc:3638 | ||
| 999 |
_c41062 _d41062 |
||